| 000 | 00415nam a2200169Ia 4500 | ||
|---|---|---|---|
| 008 | 220531s9999 xx 000 0 und d | ||
| 041 | _aeng | ||
| 082 | _bHAR | ||
| 100 |
_aHarishchandra A. G. _954928 |
||
| 245 | _aInformation Technology In Mngt | ||
| 260 |
_aPune _bVision _c2009 |
||
| 300 | _a8.18 | ||
| 542 | _d25-06-2009 | ||
| 650 |
_aManagement _954929 |
||
| 906 | _d2009-2010 | ||
| 999 |
_c31766 _d31766 |
||